[Event "7. Lichtenberger Sommer"]
[Site "Berlin"]
[Date "2008.08.16"]
[Round "1.54"]
[White "Kasper, Peter"]
[Black "Kornrumpf, Joachim"]
[Result "0-1"]
[WhiteElo "1587"]
[BlackElo "2121"]
[PlyCount "64"]
[EventDate "2008.??.??"]
[WhiteTeam "SG Eckturm"]
[BlackTeam "Preetzer TSV"]

1. e4 c5 2. Nf3 e6 3. d4 cxd4 4. c3 d3 5. Bxd3 Nc6 6. O-O Qc7 7. Qe2 d6 8. Nbd2
Nge7 9. Nd4 a6 10. f4 Qb6 11. Nc4 Qc7 12. e5 dxe5 13. fxe5 Ng6 14. Nxc6 Qxc6
15. Bg5 Bc5+ 16. Be3 O-O 17. Rfd1 b5 18. Bxg6 bxc4 19. Bh5 Rb8 20. Bxc5 Qxc5+
21. Kh1 Bb7 22. Rd7 g6 23. Bf3 Bc8 24. Rd4 Rb5 25. Re1 Qb6 26. Rb1 Qc7 27. Rxc4
Qxe5 28. Qxe5 Rxe5 29. Rxc8 Rxc8 30. Bb7 Rb8 31. Bxa6 Rxb2 32. Ra1 Rxa2 0-1

[Event "7. Lichtenberger Sommer"]
[Site "Berlin"]
[Date "2008.08.16"]
[Round "1.55"]
[White "Huenerfauth, Uwe"]
[Black "Moritz, Aron"]
[Result "1/2-1/2"]
[WhiteElo "2089"]
[BlackElo "1967"]
[PlyCount "56"]
[EventDate "2008.??.??"]
[WhiteTeam "SK Landau"]
[BlackTeam "SV Empor Berlin e.V."]

1. e4 c5 2. Nc3 Nc6 3. g3 g6 4. Bg2 Bg7 5. f4 e6 6. Nf3 Nge7 7. O-O O-O 8. d3
d5 9. Qe2 a6 10. Kh1 b5 11. Nd1 Bb7 12. Nf2 Qb6 13. g4 Rfe8 14. g5 e5 15. fxe5
Nxe5 16. Nxe5 Bxe5 17. Ng4 Qc7 18. Nh6+ Kh8 19. Nxf7+ Kg7 20. Nxe5 Qxe5 21. c3
Nf5 22. Bf4 Qe7 23. e5 Nh4 24. d4 Nxg2 25. Kxg2 cxd4 26. cxd4 Bc8 27. Rac1 Bf5
28. Rc6 Bh3+ 1/2-1/2

[Event "7. Lichtenberger Sommer"]
[Site "Berlin"]
[Date "2008.08.16"]
[Round "1.56"]
[White "Schneider, Eckehard"]
[Black "Roth, Joachim"]
[Result "0-1"]
[WhiteElo "1802"]
[BlackElo "1861"]
[PlyCount "30"]
[EventDate "2008.??.??"]
[WhiteTeam "Sfrd. Berlin 1903 e.V."]
[BlackTeam "SG Bund"]

1. e4 e6 2. d4 c5 3. Nf3 cxd4 4. Nxd4 Bc5 5. Be3 Qb6 6. Nc3 Nc6 7. Na4 Qa5+ 8.
c3 Bxd4 9. Bxd4 Nxd4 10. Qxd4 e5 11. Qd1 Nf6 12. f3 O-O 13. Be2 d6 14. O-O b5
15. b4 Qxa4 0-1

[Event "7. Lichtenberger Sommer"]
[Site "Berlin"]
[Date "2008.08.16"]
[Round "1.57"]
[White "Sabrowski, Uwe"]
[Black "Knauft, Marcel"]
[Result "1-0"]
[WhiteElo "2142"]
[BlackElo "1571"]
[PlyCount "103"]
[EventDate "2008.??.??"]
[WhiteTeam "TSG Oberschöneweide e.V."]
[BlackTeam "SK 1929 Mainaschaff"]

1. d4 e6 2. c4 d5 3. Nf3 Nf6 4. Nc3 Bb4 5. Bg5 Nbd7 6. e3 c6 7. cxd5 exd5 8.
Bd3 Qa5 9. Qc2 h6 10. Bh4 O-O 11. O-O Re8 12. Rfc1 a6 13. a3 Bd6 14. b4 Qd8 15.
Rab1 b5 16. e4 Bf4 17. Re1 g5 18. Bg3 Bxg3 19. hxg3 Bb7 20. e5 Nh5 21. Nh2 Qb6
22. Rbd1 Ng7 23. Bf5 Nf8 24. Ng4 Nh5 25. Nxh6+ Kg7 26. Ng4 a5 27. Qd2 Qd8 28.
Nf6 Nxf6 29. Qxg5+ Ng6 30. exf6+ Qxf6 31. Qxf6+ Kxf6 32. Bxg6 axb4 33. Rxe8
Rxe8 34. Bxf7 Kxf7 35. axb4 Ra8 36. Rc1 Ra3 37. Nxb5 cxb5 38. Rc7+ Ke6 39. Rxb7
Rd3 40. Rxb5 Rxd4 41. Kf1 Rd1+ 42. Ke2 Rb1 43. Rb8 Ke5 44. b5 Rb2+ 45. Kf3 Kd6
46. g4 Rb3+ 47. Kf4 Kc5 48. b6 Rb4+ 49. Kf5 Rb2 50. f4 d4 51. b7 Kb6 52. Rd8
1-0

[Event "7. Lichtenberger Sommer"]
[Site "Berlin"]
[Date "2008.08.16"]
[Round "1.58"]
[White "Mildenberger, Hans"]
[Black "Ozeran, Volodymyr"]
[Result "0-1"]
[WhiteElo "1565"]
[BlackElo "1967"]
[PlyCount "62"]
[EventDate "2008.??.??"]
[WhiteTeam "BVG Helmholtz"]
[BlackTeam "SK Dessau 93 e. V."]

1. d4 Nf6 2. c4 e6 3. Nf3 b6 4. g3 Bb7 5. Bg2 Be7 6. O-O O-O 7. Nc3 Ne4 8. e3
Nxc3 9. bxc3 Bf6 10. Re1 Be4 11. Nh4 Bxg2 12. Nxg2 c5 13. Qf3 Nc6 14. Ba3 Na5
15. Qe2 d6 16. Red1 Qe8 17. e4 Qa4 18. e5 dxe5 19. dxe5 Be7 20. Bc1 Qxc4 21.
Qf3 Rad8 22. Rxd8 Rxd8 23. Bb2 Qd5 24. Qxd5 Rxd5 25. Ne3 Rd2 26. Bc1 Rd3 27.
Bb2 Bg5 28. Rd1 Rxd1+ 29. Nxd1 Bd2 30. a4 Nc4 31. Ba1 Nxe5 0-1

[Event "7. Lichtenberger Sommer"]
[Site "Berlin"]
[Date "2008.08.16"]
[Round "1.59"]
[White "Mielke, Norman"]
[Black "Udet, Fabian"]
[Result "1-0"]
[WhiteElo "2035"]
[BlackElo "1560"]
[PlyCount "43"]
[EventDate "2008.??.??"]
[WhiteTeam "Schachgemeinschaft  Wedding e.V."]
[BlackTeam "1. Schachclub Anhalt"]

1. e4 c5 2. c3 Nc6 3. d4 cxd4 4. cxd4 d5 5. exd5 Qxd5 6. Nf3 Bg4 7. Be2 Nf6 8.
Nc3 Qd7 9. d5 Nb4 10. Bb5 Nc6 11. dxc6 Qxd1+ 12. Nxd1 b6 13. Ne5 a6 14. Ba4 b5
15. Bb3 e6 16. O-O Bc5 17. Be3 Bd6 18. f4 O-O 19. h3 Bxd1 20. Rfxd1 Bxe5 21.
fxe5 Ne4 22. Rd7 1-0

[Event "7. Lichtenberger Sommer"]
[Site "Berlin"]
[Date "2008.08.16"]
[Round "1.60"]
[White "Reinacher, Detlev"]
[Black "von Loehneysen, Leonard"]
[Result "0-1"]
[WhiteElo "1558"]
[BlackElo "1995"]
[PlyCount "94"]
[EventDate "2008.??.??"]
[WhiteTeam "Schachclub Hansa Dortmund e.V."]
[BlackTeam "SK Zehlendorf e.V."]

1. d4 Nf6 2. c4 c5 3. d5 b5 4. cxb5 a6 5. bxa6 g6 6. Nc3 Bxa6 7. g3 d6 8. Bg2
Bg7 9. Nf3 Nbd7 10. O-O Nb6 11. Re1 O-O 12. e4 Nfd7 13. Qc2 Nc4 14. Bd2 Nxd2
15. Nxd2 Ne5 16. Bf1 c4 17. b3 Nd3 18. Bxd3 cxd3 19. Qb2 Qc7 20. Rac1 Rfc8 21.
Ndb1 Bh6 22. f4 Bg7 23. Kh1 Rab8 24. Qd2 Qa5 25. e5 Rc5 26. Re4 f5 27. Ree1 Qb4
28. Qe3 dxe5 29. fxe5 e6 30. Qf4 Qxf4 31. gxf4 exd5 32. Na4 Rxc1 33. Rxc1 Bh6
34. Rd1 Bxf4 35. Nc5 Bc8 36. Rxd3 Rb5 37. Na4 d4 38. Kg1 Be3+ 39. Kf1 Rxe5 40.
Ke1 Ba6 41. Rd1 f4 42. Nb2 Bg1+ 43. Kd2 Re2+ 44. Kc1 Be3+ 45. Nd2 f3 46. Nbc4
Bxc4 47. bxc4 f2 0-1

[Event "7. Lichtenberger Sommer"]
[Site "Berlin"]
[Date "2008.08.16"]
[Round "1.61"]
[White "Buehler, Florian"]
[Black "Pews, Kristine"]
[Result "1-0"]
[WhiteElo "1992"]
[BlackElo "1757"]
[PlyCount "99"]
[EventDate "2008.??.??"]
[WhiteTeam "Spgem Kötz/Ichenhausen"]
[BlackTeam "USC Viadrina Frankfurt (Oder) e."]

1. d4 g6 2. e4 Bg7 3. c4 d6 4. Nc3 Nc6 5. Be3 e5 6. d5 Nd4 7. Nf3 Bg4 8. Be2
Nxe2 9. Qxe2 f5 10. exf5 gxf5 11. c5 a6 12. h3 Bh5 13. g4 fxg4 14. Ng5 Bf7 15.
Nxf7 Kxf7 16. hxg4 Ne7 17. O-O-O Ng6 18. Ne4 Nf4 19. Qf3 Ke7 20. Bxf4 exf4 21.
Qxf4 Be5 22. Qf5 Qf8 23. Rxh7+ Rxh7 24. Qxh7+ Kd8 25. c6 bxc6 26. dxc6 Qe8 27.
Kb1 Rb8 28. b3 Rb6 29. Qf5 Rxc6 30. f4 Bg7 31. Re1 Rb6 32. Re2 Qh8 33. Qh5 Qxh5
34. gxh5 Rb5 35. Ng5 Bf6 36. Rg2 Rf5 37. h6 Ke7 38. Re2+ Kd7 39. h7 Bh8 40. Rf2
Ke7 41. Kc2 Kf6 42. Kd3 Kg6 43. Ke3 c5 44. Rd2 d5 45. Rc2 Bd4+ 46. Kf3 Be5 47.
Ne6 Rf7 48. Rxc5 Bb2 49. Rxd5 Rxh7 50. Nf8+ 1-0

[Event "7. Lichtenberger Sommer"]
[Site "Berlin"]
[Date "2008.08.16"]
[Round "1.62"]
[White "Krueger, Stefan"]
[Black "Grassi, Fabrizio"]
[Result "0-1"]
[WhiteElo "1548"]
[BlackElo "1960"]
[PlyCount "53"]
[EventDate "2008.??.??"]
[WhiteTeam "SC Friesen Lichtenberg e.V."]
[BlackTeam "SV Berlin-Friedrichstadt"]

1. d4 d5 2. c4 e6 3. Nc3 Nf6 4. Bg5 c5 5. dxc5 Bxc5 6. e3 d4 7. exd4 Bxd4 8.
Qc2 Qa5 9. Bxf6 Bxf6 10. Nge2 Nc6 11. Rd1 O-O 12. a3 e5 13. Qa4 Qxa4 14. Nxa4
Bf5 15. Nac3 Nd4 16. Nd5 Nc2+ 17. Kd2 Bg5+ 18. Kc3 Rac8 19. h4 Bd8 20. Nb4 Nxb4
21. Kxb4 Be7+ 22. Kb3 Be6 23. Ng3 b5 24. Rc1 f5 25. Be2 Rfd8 26. Rhd1 Rxd1 27.
Rxd1 0-1

[Event "7. Lichtenberger Sommer"]
[Site "Berlin"]
[Date "2008.08.16"]
[Round "1.63"]
[White "Kurzweil, Thomas"]
[Black "Poeltelt, Helmut"]
[Result "1/2-1/2"]
[WhiteElo "1985"]
[BlackElo "1545"]
[PlyCount "96"]
[EventDate "2008.??.??"]
[WhiteTeam "Spgem Kötz/Ichenhausen"]
[BlackTeam "SC Eintracht Berlin e.V."]

1. d4 f5 2. c4 e6 3. Nc3 Nf6 4. Bg5 Be7 5. e3 O-O 6. f4 d6 7. Nf3 Nbd7 8. b4 b6
9. Bd3 Bb7 10. O-O Ng4 11. Bxe7 Qxe7 12. Qe2 e5 13. fxe5 dxe5 14. dxe5 Ndxe5
15. Rae1 Rae8 16. Nd4 Nxd3 17. Qxd3 Ne5 18. Qc2 Qxb4 19. Nxf5 Qxc4 20. Rf4 Qe6
21. Nb5 Qd7 22. Qxc7 Qxc7 23. Nxc7 Nd3 24. Nxe8 Nxf4 25. exf4 Rxf5 26. Nd6 Rxf4
27. Nxb7 Rd4 28. Re8+ Kf7 29. Rd8 Ra4 30. Rd2 Ke7 31. Nd6 g6 32. Kf2 a5 33. Ke3
Rb4 34. Ne4 a4 35. a3 Rb3+ 36. Rd3 Rb2 37. Nd2 b5 38. Kd4 b4 39. axb4 Rxb4+ 40.
Kc5 Rb2 41. Kc4 a3 42. Kc3 Rb7 43. Nb3 Rc7+ 44. Kb4 a2 45. Rd2 Rb7+ 46. Ka3
Rxb3+ 47. Kxa2 Rb7 48. Rf2 Ke8 1/2-1/2

[Event "7. Lichtenberger Sommer"]
[Site "Berlin"]
[Date "2008.08.16"]
[Round "1.64"]
[White "Mohr, Horst"]
[Black "Graudons, Karsten"]
[Result "0-1"]
[WhiteElo "1538"]
[BlackElo "1999"]
[PlyCount "56"]
[EventDate "2008.??.??"]
[WhiteTeam "SC Caissa Falkensee e.V."]
[BlackTeam "USV Potsdam e.V., Abt. Schach"]

1. d4 d5 2. Nf3 Nf6 3. Bf4 e6 4. e3 c5 5. Be2 Qb6 6. O-O Qxb2 7. Nbd2 c4 8. Ne5
Nbd7 9. Ndf3 Nxe5 10. Nxe5 Be7 11. Ng4 Ne4 12. Qc1 Qxc1 13. Rfxc1 Ba3 14. Rf1
Nc3 15. Bf3 Bd7 16. Bc7 b6 17. Rfe1 Bb2 18. Rab1 Nxb1 19. Rxb1 Bc3 20. e4 dxe4
21. Bxe4 Rc8 22. Be5 f6 23. Bb7 fxe5 24. Bxc8 Bxc8 25. Nxe5 Bxd4 26. Nxc4 Ke7
27. Rd1 Rd8 28. Kf1 Ba6 0-1

[Event "7. Lichtenberger Sommer"]
[Site "Berlin"]
[Date "2008.08.16"]
[Round "1.65"]
[White "Gebert, Ralf"]
[Black "Dietzel, Uwe"]
[Result "1/2-1/2"]
[WhiteElo "2081"]
[BlackElo "1532"]
[PlyCount "39"]
[EventDate "2008.??.??"]
[WhiteTeam "SG Güstrow/Teterow"]
[BlackTeam "TSV Lichtentanne SAbt"]

1. e4 e6 2. d4 d5 3. Nc3 h6 4. Nf3 Nf6 5. e5 Ne4 6. Bd3 Nxc3 7. bxc3 c5 8. O-O
c4 9. Be2 Qa5 10. Bd2 Be7 11. h3 Bd7 12. Nh2 Na6 13. f4 Nc7 14. Rf3 O-O-O 15.
Nf1 g6 16. Qb1 Ba3 17. Bc1 Nb5 18. Bd2 Nc7 19. Bc1 Nb5 20. Bd2 1/2-1/2

[Event "7. Lichtenberger Sommer"]
[Site "Berlin"]
[Date "2008.08.16"]
[Round "1.66"]
[White "Mako, Atila"]
[Black "Gohlke, Herbert"]
[Result "0-1"]
[WhiteElo "1794"]
[BlackElo "2089"]
[PlyCount "73"]
[EventDate "2008.??.??"]
[WhiteTeam "BSC Rehberge 1945 e.V."]
[BlackTeam "SG Lok Brandenburg, Abt. Schach"]

1. d4 d5 2. Bf4 c6 3. Nf3 Bf5 4. Nbd2 e6 5. e3 h6 6. Nb3 Bd6 7. Bxd6 Qxd6 8.
Bd3 Ne7 9. Ne5 Nd7 10. Nxd7 Qxd7 11. Nc5 Qc7 12. e4 dxe4 13. Nxe4 Nd5 14. a3
Nf4 15. O-O Nxd3 16. Qxd3 O-O-O 17. Qe3 Bxe4 18. Qxe4 Rd7 19. c4 Rhd8 20. Rfd1
Qb6 21. b4 Rxd4 22. Rxd4 Qxd4 23. Qe1 Qxc4 24. Rc1 Qd5 25. h3 Qd2 26. Qf1 Rd5
27. Qc4 Rf5 28. Rc2 Qe1+ 29. Kh2 Rxf2 30. Qc5 Rxc2 31. Qf8+ Kd7 32. Qxf7+ Kd6
33. Qf8+ Kd5 34. Qf3+ Qe4 35. Qd1+ Kc4 36. Qf1+ Kb3 37. Kh1 0-1

[Event "7. Lichtenberger Sommer"]
[Site "Berlin"]
[Date "2008.08.16"]
[Round "1.67"]
[White "Kuehnemund, Lutz"]
[Black "Apel, Wolfgang"]
[Result "1-0"]
[WhiteElo "1920"]
[BlackElo "1786"]
[PlyCount "61"]
[EventDate "2008.??.??"]
[WhiteTeam "SC Friesen Lichtenberg e.V."]
[BlackTeam "SV Berolina Mitte e.V."]

1. b4 e5 2. Bb2 Bxb4 3. Bxe5 Nf6 4. e3 d5 5. Nf3 O-O 6. Be2 Bd6 7. Bb2 c5 8. c4
Be6 9. Qc2 Nc6 10. a3 a6 11. Ng5 d4 12. O-O h6 13. Nf3 Be5 14. Nxe5 Nxe5 15.
exd4 cxd4 16. d3 Qd6 17. h3 Rac8 18. Qd1 b5 19. cxb5 axb5 20. Nd2 Nd5 21. Bxd4
Nc3 22. Bxc3 Rxc3 23. Ne4 Qd4 24. Nxc3 Qxc3 25. Qc1 Qd4 26. Qe3 Rd8 27. Qxd4
Rxd4 28. Rab1 Ra4 29. Rxb5 Nd7 30. Ra1 g6 31. Rb4 1-0

[Event "7. Lichtenberger Sommer"]
[Site "Berlin"]
[Date "2008.08.16"]
[Round "1.68"]
[White "Winz, Michael"]
[Black "Berendsen, Markus"]
[Result "0-1"]
[WhiteElo "1711"]
[BlackElo "2123"]
[PlyCount "88"]
[EventDate "2008.??.??"]
[WhiteTeam "SC Friesen Lichtenberg e.V."]
[BlackTeam "Oberhausen Schachverein 1887 e.V"]

1. d4 Nf6 2. Nf3 c5 3. c4 g6 4. Nc3 Bg7 5. e3 O-O 6. Be2 cxd4 7. exd4 d5 8. O-O
Nc6 9. Bg5 Be6 10. c5 Ne4 11. Be3 Nxc3 12. bxc3 b6 13. cxb6 axb6 14. Qd2 Bg4
15. Bh6 Bxf3 16. Bxf3 Na5 17. Bxg7 Kxg7 18. Rfe1 Qd6 19. Qg5 e6 20. h4 h6 21.
Qd2 Rfc8 22. Rac1 Nc4 23. Qe2 Ra3 24. Ra1 Rxc3 25. h5 g5 26. Rac1 Qa3 27. Rb1
Ra8 28. Bg4 Qxa2 29. Qd1 Qa4 30. Qe2 Qc2 31. Bxe6 Qxe2 32. Rxe2 fxe6 33. Rxe6
Rca3 34. Rb5 Rd8 35. Rb1 Raa8 36. Rb5 Ra5 37. Rb3 Rf8 38. Rb1 Rf4 39. Rbe1 Re4
40. R6xe4 dxe4 41. Rxe4 Rd5 42. f4 gxf4 43. Rxf4 b5 44. g4 b4 0-1

[Event "7. Lichtenberger Sommer"]
[Site "Berlin"]
[Date "2008.08.16"]
[Round "1.69"]
[White "Keusch, Horst"]
[Black "Junghaenel, Dieter"]
[Result "1-0"]
[WhiteElo "1925"]
[BlackElo "1755"]
[PlyCount "53"]
[EventDate "2008.??.??"]
[WhiteTeam "SC Friesen Lichtenberg e.V."]
[BlackTeam "SV Motor Wildau e.V."]

1. f4 d6 2. Nf3 Nf6 3. e3 Nc6 4. Bb5 Bd7 5. O-O g6 6. d3 Bg7 7. e4 a6 8. Bxc6
Bxc6 9. Nc3 O-O 10. Qe1 Qd7 11. Be3 Ng4 12. Rd1 b6 13. Bc1 Rae8 14. d4 f6 15.
d5 Bb5 16. Nxb5 Qxb5 17. Nd4 Qd7 18. Ne6 Rf7 19. h3 Nh6 20. f5 Kh8 21. fxg6
hxg6 22. Qh4 g5 23. Qh5 Kh7 24. Bxg5 Rh8 25. Rd3 Kg8 26. Bd2 c5 27. Rg3 1-0

[Event "7. Lichtenberger Sommer"]
[Site "Berlin"]
[Date "2008.08.16"]
[Round "1.70"]
[White "Wuersig, Mathias"]
[Black "Plicka, Jiri"]
[Result "0-1"]
[WhiteElo "1487"]
[BlackElo "1941"]
[PlyCount "40"]
[EventDate "2008.??.??"]
[WhiteTeam "SV Blau-Gelb 1899 Hosena e.V."]
[BlackTeam "SK Libehrad Libcice"]

1. e4 e6 2. d4 d5 3. exd5 exd5 4. Nf3 Nf6 5. Nc3 c6 6. Be2 Bd6 7. Bg5 h6 8. Bd2
Bf5 9. Ne5 Ne4 10. Nxe4 Bxe4 11. Bf3 Bxf3 12. Qxf3 O-O 13. O-O Nd7 14. Ng4 f5
15. Nxh6+ gxh6 16. Bxh6 Qh4 17. g3 Qxh6 18. Rfe1 Qf6 19. Qh5 Rf7 20. Re2 Nf8
0-1

[Event "7. Lichtenberger Sommer"]
[Site "Berlin"]
[Date "2008.08.16"]
[Round "1.71"]
[White "Richter, Goetz"]
[Black "Richter, Dirk"]
[Result "1-0"]
[WhiteElo "1997"]
[BlackElo "1486"]
[PlyCount "39"]
[EventDate "2008.??.??"]
[WhiteTeam "Klub Kölner Schachfreunde e.V. 1"]
[BlackTeam "SG Lok Brandenburg, Abt. Schach"]

1. e4 Nf6 2. e5 Nd5 3. d4 d6 4. c4 Nb6 5. exd6 exd6 6. Bd3 Be7 7. Ne2 O-O 8.
Nbc3 Bf6 9. Be3 Nc6 10. b3 Bg5 11. O-O Re8 12. Qd2 Bxe3 13. fxe3 d5 14. c5 Qg5
15. cxb6 Bh3 16. Nf4 axb6 17. Nxh3 Qxe3+ 18. Qxe3 Rxe3 19. Rad1 Nb4 20. Rf3 1-0

[Event "7. Lichtenberger Sommer"]
[Site "Berlin"]
[Date "2008.08.16"]
[Round "1.72"]
[White "Scenev, Vitalij"]
[Black "Tiemer, Klaus"]
[Result "0-1"]
[WhiteElo "1452"]
[BlackElo "1906"]
[PlyCount "54"]
[EventDate "2008.??.??"]
[WhiteTeam "SV Berolina Mitte e.V."]
[BlackTeam "TSG Oberschöneweide e.V."]

1. e4 Nf6 2. Nc3 d6 3. Nf3 g6 4. d4 Bg7 5. Be3 c6 6. Be2 O-O 7. Nd2 b5 8. a3
Bb7 9. f4 a6 10. O-O Nbd7 11. e5 dxe5 12. fxe5 Nd5 13. Nxd5 cxd5 14. Nf3 Qb6
15. Qd2 Rad8 16. Bh6 f6 17. Bxg7 Kxg7 18. Kh1 fxe5 19. dxe5 d4 20. Qxd4 Rxf3
21. Qxb6 Rxf1+ 22. Rxf1 Nxb6 23. e6 Rf8 24. Rd1 Rf2 25. Rd7 Bxg2+ 26. Kg1 Rxe2
27. Rxe7+ Kf6 0-1

[Event "7. Lichtenberger Sommer"]
[Site "Berlin"]
[Date "2008.08.16"]
[Round "1.73"]
[White "Muehlhan, Klaus"]
[Black "Paris, Gerhard"]
[Result "1-0"]
[WhiteElo "2006"]
[BlackElo "1696"]
[PlyCount "61"]
[EventDate "2008.??.??"]
[WhiteTeam "SC Empor Potsdam 1952 e.V."]
[BlackTeam "TSG Oberschöneweide e.V."]

1. e4 e5 2. Nf3 d6 3. Bc4 c6 4. O-O Nf6 5. d3 Be7 6. Ng5 O-O 7. f4 b5 8. Bb3 a5
9. a4 b4 10. fxe5 dxe5 11. Qe1 h6 12. Nf3 Qc7 13. Nbd2 Na6 14. Nc4 Re8 15. Kh1
Bd6 16. Qh4 Be7 17. Ncxe5 Be6 18. Bxe6 fxe6 19. Ng6 Bd8 20. Bf4 Qa7 21. Qh3 c5
22. g4 Nh7 23. g5 Qf7 24. Nfe5 Qb7 25. gxh6 c4 26. hxg7 cxd3 27. cxd3 Nc5 28.
Nf8 Qxg7 29. Nxh7 Nxe4 30. dxe4 Bb6 31. Rf3 1-0

[Event "7. Lichtenberger Sommer"]
[Site "Berlin"]
[Date "2008.08.16"]
[Round "1.74"]
[White "Wolfram, Mike"]
[Black "Jaeger, Andre"]
[Result "1-0"]
[WhiteElo "1434"]
[BlackElo "2019"]
[PlyCount "81"]
[EventDate "2008.??.??"]
[WhiteTeam "vereinslos"]
[BlackTeam "SC Rochade e.V."]

1. c4 Nf6 2. Nf3 g6 3. g3 Bg7 4. Bg2 O-O 5. O-O d6 6. d4 Nbd7 7. Nc3 e5 8. Bg5
h6 9. Bxf6 Qxf6 10. dxe5 dxe5 11. Nd5 Qd8 12. e4 c6 13. Nc3 Qe7 14. Qd2 Re8 15.
a3 a5 16. Rad1 Bf8 17. Qe3 a4 18. h3 Nc5 19. Kh2 Qc7 20. h4 Be6 21. Qe2 f6 22.
Bh3 Bf7 23. Nd2 Qb6 24. Nf3 Qb3 25. Rfe1 Bxc4 26. Qd2 Red8 27. Qxd8 Rxd8 28.
Rxd8 Qxb2 29. Nd1 Qxa3 30. Ne3 Be6 31. Bxe6+ Nxe6 32. Rd7 Nc5 33. Rc7 Qb2 34.
Ng4 Bg7 35. Rd1 Nxe4 36. Rd8+ Kh7 37. Rdd7 Qb3 38. Rxg7+ Kh8 39. Rh7+ Kg8 40.
Nxh6+ Kf8 41. Rc8# 1-0

[Event "7. Lichtenberger Sommer"]
[Site "Berlin"]
[Date "2008.08.16"]
[Round "1.75"]
[White "Oswald, Michael"]
[Black "Mahler, Sonja"]
[Result "1-0"]
[WhiteElo "2123"]
[BlackElo "1496"]
[PlyCount "73"]
[EventDate "2008.??.??"]
[WhiteTeam "1. Schachclub Anhalt"]
[BlackTeam "SC Kreuzberg e.V."]

1. d4 d5 2. c4 e6 3. Nc3 Nf6 4. cxd5 exd5 5. Bg5 Be7 6. e3 O-O 7. Qc2 h6 8. Bh4
Re8 9. Bd3 Nc6 10. a3 Ng4 11. Bg3 Bg5 12. Nge2 Bxe3 13. fxe3 Nxe3 14. Qa4 Nxg2+
15. Kd2 Qg5+ 16. Kc2 Bf5 17. Bxf5 Ne3+ 18. Kb3 Qxf5 19. Ka2 Rac8 20. Bf4 Nc4
21. Raf1 Qh5 22. Ng3 Qh3 23. Nxd5 Nxb2 24. Qc2 Qe6 25. Qxb2 Qxd5+ 26. Ka1 Na5
27. Rhg1 Re6 28. Bd2 Rb6 29. Bb4 Nc4 30. Qc3 a5 31. Bc5 Re6 32. Rf5 Qd8 33. d5
Rg6 34. Qxc4 b6 35. Bd4 Qh4 36. d6 Rxd6 37. Qxf7+ 1-0

[Event "7. Lichtenberger Sommer"]
[Site "Berlin"]
[Date "2008.08.16"]
[Round "1.76"]
[White "Penner, Markus"]
[Black "Muskewitz, Bernd"]
[Result "0-1"]
[WhiteElo "1423"]
[BlackElo "2030"]
[PlyCount "70"]
[EventDate "2008.??.??"]
[WhiteTeam "SK Zehlendorf e.V."]
[BlackTeam "TSG Oberschöneweide e.V."]

1. e4 c5 2. Nf3 e6 3. d4 cxd4 4. Nxd4 a6 5. Nc3 Qc7 6. Be2 Bb4 7. Bd2 Nf6 8. f3
O-O 9. a3 Be7 10. O-O Nc6 11. Be3 Rd8 12. f4 d5 13. e5 Nxd4 14. Qxd4 Nd7 15.
Kh1 Bc5 16. Qd3 Nxe5 17. fxe5 Bxe3 18. Qxe3 d4 19. Qf3 dxc3 20. bxc3 Rb8 21.
Bd3 b5 22. Rae1 Bb7 23. Qh3 g6 24. Re3 Rd5 25. Qh6 Rxe5 26. Rh3 f5 27. Qf4 Rc5
28. Qe3 Qd6 29. Qh6 Rc7 30. Rg3 Rf8 31. Be2 e5 32. h4 f4 33. Rg5 Qe7 34. h5 Be4
35. hxg6 hxg6 0-1

[Event "7. Lichtenberger Sommer"]
[Site "Berlin"]
[Date "2008.08.16"]
[Round "1.77"]
[White "Paul, Reinhart"]
[Black "Gloess, Henrik"]
[Result "1/2-1/2"]
[WhiteElo "2155"]
[BlackElo "1419"]
[PlyCount "45"]
[EventDate "2008.??.??"]
[WhiteTeam "CFC Hertha 06 e.V."]
[BlackTeam "Sfr.Nord-Ost Berlin"]

1. e4 c5 2. Nf3 d6 3. d4 cxd4 4. Nxd4 a6 5. Nc3 e6 6. Be3 Nf6 7. Be2 Nc6 8. Qd2
g6 9. Rd1 Qc7 10. O-O h5 11. f4 Ng4 12. Bf3 Nxe3 13. Qxe3 Bg7 14. Nxc6 bxc6 15.
e5 d5 16. Na4 Rb8 17. b3 O-O 18. Rd3 a5 19. Nc5 Qb6 20. Rc1 Rd8 21. Qd4 Bf8 22.
Na4 Qxd4+ 23. Rxd4 1/2-1/2

[Event "7. Lichtenberger Sommer"]
[Site "Berlin"]
[Date "2008.08.16"]
[Round "1.78"]
[White "Winter, Juergen"]
[Black "Schueler, Wolfgang"]
[Result "0-1"]
[WhiteElo "1416"]
[BlackElo "2061"]
[PlyCount "162"]
[EventDate "2008.??.??"]
[WhiteTeam "SC Rochade Müncheberg"]
[BlackTeam "SC Friesen Lichtenberg e.V."]

1. e4 e5 2. Nf3 Nc6 3. Bc4 Bc5 4. c3 Nf6 5. d3 d6 6. h3 Qe7 7. b4 Bb6 8. Qe2 a6
9. a4 Be6 10. Nbd2 Ba7 11. Bxe6 Qxe6 12. Ng5 Qe7 13. Nc4 h6 14. Nf3 O-O 15. O-O
Nh5 16. Be3 Bxe3 17. Qxe3 Nf4 18. d4 Ng6 19. d5 Na7 20. Ncd2 Qd7 21. c4 f5 22.
exf5 Qxf5 23. Qe4 Nf4 24. Qxf5 Rxf5 25. Kh2 Nd3 26. b5 Nc5 27. g3 Raf8 28. Kg2
a5 29. Nh4 R5f6 30. Kg1 Nc8 31. Ng2 Nb6 32. Ne3 Nbxa4 33. f3 b6 34. Kg2 Nb2 35.
Ne4 Nxe4 36. fxe4 Rxf1 37. Rxf1 Rxf1 38. Kxf1 Nd3 39. Ke2 Nc5 40. Kf3 a4 41.
Nc2 Kf7 42. g4 Kf6 43. h4 Nd3 44. Ke3 Nf4 45. Kf3 Kg6 46. Na3 Nd3 47. Ke2 Nc5
48. Ke3 Nb3 49. Nc2 Kf6 50. Na3 Nc5 51. Nc2 Nd7 52. Na3 Nf8 53. Kf3 Ng6 54. Kg3
Nf4 55. Kf3 Nd3 56. Nc2 Nc5 57. Na3 Nb3 58. Ke3 Nd4 59. Kf2 Kg6 60. Ke3 h5 61.
g5 Nb3 62. Nc2 Na5 63. Na3 Nb7 64. Nc2 Nd8 65. Na3 Nf7 66. Nb1 Nxg5 67. hxg5
Kxg5 68. Kf3 h4 69. Nc3 a3 70. Na2 Kh5 71. Nc3 g5 72. Na2 g4+ 73. Kg2 Kg5 74.
Nc3 Kf4 75. Kf2 h3 76. Kg1 g3 77. Kf1 Ke3 78. Kg1 Kf3 79. Kh1 Ke3 80. Kg1 Kd3
81. Na2 Kxc4 0-1

[Event "7. Lichtenberger Sommer"]
[Site "Berlin"]
[Date "2008.08.16"]
[Round "1.79"]
[White "Pichler, Klaus"]
[Black "Berg, Gerd"]
[Result "1-0"]
[WhiteElo "1871"]
[BlackElo "1717"]
[PlyCount "85"]
[EventDate "2008.??.??"]
[BlackTeam "SK König Tegel 1949 e.V."]

1. f4 d5 2. Nf3 Nc6 3. e3 Nf6 4. Bb5 Bd7 5. b3 a6 6. Bxc6 Bxc6 7. Ne5 e6 8. Bb2
Bd7 9. O-O c5 10. d3 b5 11. a4 b4 12. Nd2 Qc7 13. Qf3 Bc6 14. Nxc6 Qxc6 15. Nc4
a5 16. Rae1 Ra6 17. Ne5 Qc8 18. Qg3 Qb7 19. Re2 Rg8 20. Ref2 c4 21. Nxc4 dxc4
22. Bxf6 cxb3 23. cxb3 Qd5 24. Rc2 Rc6 25. e4 Qd7 26. Rfc1 Rxc2 27. Rxc2 Be7
28. Bxe7 Kxe7 29. Qg5+ Ke8 30. Kf2 f6 31. Qxa5 Qd4+ 32. Ke2 Kf7 33. Qc5 Qxc5
34. Rxc5 Rd8 35. Rb5 Rd4 36. Ke3 Rd7 37. Rxb4 Kg6 38. a5 Rc7 39. a6 Ra7 40. Rb6
Re7 41. Rb7 Re8 42. a7 Ra8 43. b4 1-0